000
00188 a2200097 4500
001
17697
100
_a
Gue R L
245
_a
260
_a
_b
Arco Publishing Co
_c
090
_c
13072
_d
13072
942
_a
NUST-CAE
_c
M
_c
3417
999
_c
252770
_d
252770